| 000 | 00617nam a2200181 a 4500 | ||
|---|---|---|---|
| 008 | 120416s1981 ||||||||||||||||| || u | ||
| 050 | _aHD 60.5.U5 Bus | ||
| 100 | _aGray, Edmund R | ||
| 245 | 1 | 0 |
_aBusiness and society _cedited by Robert D. Hay |
| 246 | _acases and text | ||
| 250 | _a2nd ed. | ||
| 260 |
_aCincinnati _bSouth-Western _c[1981] |
||
| 300 | _avi, 435p. : ill. | ||
| 350 | _a0.00 | ||
| 650 | _aBUSINESS AND SOCIETY | ||
| 650 | 0 | _aBUSINESS | |
| 995 |
_D0.00 _FCBU-MAIN LIBRARY (Kitwe) _H1 _I0.00 _M1 _UAVAILABLE _ZAnnex Low-Usage Collection |
||
| 999 |
_c36391 _d36391 |
||